Statistics for Band from which country? (Europe)

Click here to take the quiz!

General Stats

  • This quiz has been taken 66 times
  • The average score is 12 of 15

Answer Stats

HintAnswer% Correct
ABBASweden
100%
Rolling StonesUK
98%
ScorpionsGermany
95%
A-HaNorway
93%
Swallow the SunFinland
90%
Frozen TearsItaly
85%
AkutagavaRussia
83%
The GatheringNetherlands
81%
HeavenwoodPortugal
80%
Swan ChristyGreece
78%
MercenaryDenmark
75%
Wall of SleepHungary
59%
IRLithuania
59%
BeltaineCzech Republic
58%
BackflowLatvia
58%

Score Distribution

Percentile by Number Answered

Percent of People with Each Score

Your Score History

You have not taken this quiz